MultiVersus Characters - Statistics

General Stats
  • This quiz has been taken 384 times
    72 since last reset
  • The average score is 28 of 33
Answer Stats
Series Character % Correct
Batman Batman
100%
Black Adam Black Adam
100%
Rick & Morty Morty
100%
Rick & Morty Rick
100%
Iron Giant Iron Giant
98%
Superman Superman
98%
Batman The Joker
98%
Wonder Woman Wonder Woman
98%
Tom and Jerry Tom and Jerry
97%
Beetlejuice Betelgeuse
95%
Steven Universe Steven
95%
Looney Tunes Bugs Bunny
94%
Adventure Time Finn
94%
Adventure Time Jake
94%
Samurai Jack Samurai Jack
94%
Scooby-Doo Shaggy
94%
Friday the 13th Jason Voorhees
92%
Scooby-Doo Velma
91%
Space Jam LeBron James
89%
Teen Titans Raven
89%
The Powerpuff Girls The Powerpuff Girls
83%
Batman Harley Quinn
81%
Gremlins Gizmo
73%
The Matrix Agent Smith
70%
Steven Universe Garnet
70%
Looney Tunes Taz
70%
Game of Thrones Arya Stark
66%
Adventure Time Banana Guard
64%
Looney Tunes Marvin the Martian
64%
Adventure Time Marceline
61%
Gremlins Stripe
61%
Multiversus Reindog
50%
Wonder Woman Nubia
41%
No matching quizzes found
Score Distribution
Percent of People with Each Score
Percentile by Number Answered
Your Score History
You have not taken this quiz since the last reset